Who were the top tennis players 10 years ago? - Statistics

General Stats
  • This quiz has been taken 192 times
  • The average score is 9 of 20
Answer Stats
Ranking Nationality Answer % Correct
1 Switzerland Roger Federer
99%
2 United States Andy Roddick
86%
9 Australia Lleyton Hewitt
77%
10 United States Andre Agassi
65%
7 Spain Juan Carlos Ferrero
65%
5 United Kingdom Tim Henman
65%
15 Russia Marat Safin
61%
4 Spain Carlos Moyá
54%
6 Argentina David Nalbandian
54%
11 Argentina Gastón Gaudio
40%
3 Argentina Guillermo Coria
38%
12 France Sébastien Grosjean
26%
18 United States Mardy Fish
25%
13 Chile Nicolás Massú
22%
20 Slovakia Dominik Hrbatý
20%
14 Thailand Paradorn Srichaphan
18%
8 Germany Rainer Schüttler
15%
17 Romania Andrei Pavel
14%
19 Spain Tommy Robredo
14%
16 Argentina Juan Ignacio Chela
12%
No matching quizzes found
Score Distribution
Percent of People with Each Score
Percentile by Number Answered
Your Score History
You have not taken this quiz